000 nam a22 7a 4500
999 _c10780
_d10780
008 180223b ||||| |||| 00| 0 eng d
100 _aMadhubun
_96622
245 _aRobin Hood
260 _aNew delhi
_c2011